000 00535nam a2200181 4500
001 116624
003 ES-MaACL
005 20230906190735.0
007 t|
008 061121s1966 sp r ||||1| gao d
100 1 _aOtero Pedrayo, Ramón,
_d1888-1976
_987917
245 1 0 _aO espello na seran /
_cRamón Otero Pedrayo ; ilustraciós de Xohán Ledo.
260 _aVigo :
_bGalaxia,
_c1966.
300 _a260 p. ;
_c19 cm.
700 1 _aLedo, Xohán.
_971160
852 _aES-MaACL
_jC-29122
_bR.59504
999 _c116624
_d116624